Elektronické obchodovanie, možnosti zvýšenia obratu a návštevnosti
Internet je v súčasnosti fenoménom. Je významným zdrojom informácií a prostriedkom komunikácie. Zároveň sa stáva dôležitým obchodným nástrojom využívaným na reklamu, ale stále častejšie aj na predaj výrobkov a poskytovanie služieb. Vymedzenie pojmu elektronické obchodovanie. Súčasnosť elektronickéh...
Na minha lista:
| Autor principal: | |
|---|---|
| Outros Autores: | |
| Formato: | Capítulo de Livro |
| Idioma: | eslovaco |
| Assuntos: | |
| Tags: |
Sem tags, seja o primeiro a adicionar uma tag!
|
MARC
| LEADER | 00000naa a2200000 4500 | ||
|---|---|---|---|
| 001 | 0252303 | ||
| 005 | 20240502074038.4 | ||
| 041 | 0 | |a slo | |
| 044 | |a SK | ||
| 245 | 1 | 0 | |a Elektronické obchodovanie, možnosti zvýšenia obratu a návštevnosti |c Jozef Gajdoš |
| 520 | |a Internet je v súčasnosti fenoménom. Je významným zdrojom informácií a prostriedkom komunikácie. Zároveň sa stáva dôležitým obchodným nástrojom využívaným na reklamu, ale stále častejšie aj na predaj výrobkov a poskytovanie služieb. Vymedzenie pojmu elektronické obchodovanie. Súčasnosť elektronického obchodovania. | ||
| 610 | 2 | 0 | |a podnikanie elektronické |
| 610 | 2 | 0 | |a obchod elektronický |
| 610 | 2 | 0 | |a stratégia marketingová |
| 610 | 2 | 0 | |a internet |
| 610 | 2 | 0 | |a reklama |
| 610 | 2 | 0 | |a Slovensko |
| 610 | 2 | 0 | |a obchod elektronický |
| 100 | 1 | |a Janečková, Nikola | |
| 700 | 1 | |a Gajdoš, Jozef, 1962-2025 | |